000 00934nam a2200277 i 4500
001 bg
003 BPK
005 20190722100454.0
008 070716s1972 pl a f |000 0 pol
015 _aPB 1970/5439
040 _aWA N
_cBPK
080 _a517.2
080 _a(075.8)
100 1 _aLeitner, Roman
_d(1914-2008).
_eAutor
245 1 0 _aZarys matematyki wyższej dla inżynierów.
_nCz.1,
_pRachunek różniczkowy /
_cRoman Leitner.
246 3 0 _aRachunek różniczkowy
250 _aWyd. 6.
260 _aWarszawa :
_bWydawnictwa Naukowo-Techniczne,
_c1972.
300 _a260 s. :
_bil. ;
_c23 cm.
500 _aDruk z klisz.
650 4 _aMatematyka
_xszkoły wyższe.
655 4 _aPodręczniki akademickie
710 2 _aWydawnictwa Naukowo-Techniczne
_4pbl.
856 _uhttp://koha.tu.koszalin.pl/cgi-bin/koha/opac-detail.pl?biblionumber=32029
_yKatalog online BPK
942 _2UKD
_cKS
999 _c32029
_d32029